|
|
|
|
| LEADER |
01179nam a2200301 a 4500 |
| 001 |
16420273 |
| 008 |
110328s2010 cc a 001 0 eng d |
| 010 |
|
|
|a 2010483392
|
| 020 |
|
|
|a 9789814271127 (pbk.)
|
| 020 |
|
|
|a 9814271128 (pbk.)
|
| 040 |
|
|
|a UKM
|c UKM
|d BTCTA
|d YDXCP
|d NUI
|d DLC
|c BD-DhAAL
|
| 082 |
0 |
4 |
|a 511.5
|2 22
|
| 100 |
1 |
|
|a Xiong, Bin.
|
| 245 |
1 |
0 |
|a Graph theory /
|c Xiong Bin, Zheng Zhongyi, translated by Liu Ruifang, Zhai Mingqing and Lin Yuanqing.
|
| 260 |
|
|
|a Shanghai :
|b East China Normal University Press ;
|a Singapore ;
|a London :
|b World Scientific,
|c c2010.
|
| 300 |
|
|
|a ix, 146 p. :
|b ill. ;
|c 23 cm.
|
| 490 |
1 |
|
|a Mathematical Olympiad series ;
|v 3
|
| 500 |
|
|
|a Includes index.
|
| 541 |
1 |
|
|e 00022252
|
| 650 |
|
0 |
|a Graph theory.
|
| 700 |
1 |
|
|a Zheng, Zhongyi.
|
| 700 |
1 |
|
|a Ruifang,Liu
|
| 700 |
1 |
|
|a Mingqing,Zhai
|
| 700 |
1 |
|
|a Yuanqing,Lin
|
| 830 |
|
0 |
|a Mathematical Olympiad series ;
|v v. 3.
|
| 852 |
4 |
|
|a Ayesha Abed Library
|j General shelf
|
| 999 |
|
|
|c 10612
|d 10612
|
| 952 |
|
|
|0 0
|1 0
|2 ddc
|4 0
|6 511_500000000000000_XIO
|7 0
|9 15942
|a BRACUL
|b BRACUL
|c GEN
|d 2011-03-31
|e Karim Internatinal
|g 1900.00
|l 7
|m 88
|o 511.5 XIO
|p 3010022252
|r 2024-04-16
|s 2023-10-02
|t 1
|w 2011-03-31
|y BK
|